000 00352pab a2200157 454500
008 180718b2005 xxu||||| |||| 00| 0 eng d
100 _aOgalo, Habil Slade O
245 _aYouth power: anti-AIDS mantra
260 _c2005
300 _ap.29-31.
362 _aDec
650 _aAIDS
650 _aYouth
773 _aSocial Welfare
909 _a68000
999 _c68000
_d68000